| 000 | 00510ntaaa2200193 4500 | ||
|---|---|---|---|
| 003 | 01 | ||
| 005 | 20251027201931.0 | ||
| 008 | 0714s1973 ag 01 | ||
| 040 |
_aAR-BaBN _bspa _cAR-BaBN _eaacr _dRIC |
||
| 082 | _a244.4160 Ya1h | ||
| 100 |
_aYale, Elsie Duncan _917902 |
||
| 245 | _aHay una estrella en el cielo | ||
| 250 |
_a1 ed. : _bLibrerÃa La Aurora, _c1953 |
||
| 300 | _a20 p. | ||
| 500 | _adrama de Navidad en dos actos y seis escenas | ||
| 650 | _aDramas Navidad | ||
| 650 | _aNavidad | ||
| 942 | _cBK | ||
| 999 |
_c14046 _d14046 |
||